000 00425nam a22001697a 4500
003 GBCCL
005 20260127131422.0
008 260127b |||||||| |||| 00| 0 eng d
040 _cGBC
082 _aVER 235.4
_bLAN 1
100 _aLangzakham, Sonna
245 _aKhalam kidouna /
_cRev Dr Sonna Langzakham
260 _aLamka :
_bAuthor,
_c2025
300 _a230p. ;
650 _aSpiritual warfare
942 _2ddc
_cBK
_n0
999 _c11138
_d11138